000
00315nam a2200133Ia 4500
008
150201s1987 xx 000 0 und d
082
_a
610.03
_b
M87C
100
_a
CHIN
245
_a
POKET MEDICAL DICTIONARY
260
_b
CHURCHILL
_a
LIVINGTONE
_c
1987
300
_a
380
650
_a
DICTIONARY
942
_2
ddc
_c
BK
_0
1
999
_c
1846
_d
1846